LEADER 01237nam a2200265 i 4500 001 000000176976 003 CaOOAMICUS 005 20090110000000.0 008 090110s1922 fr u000 u mul u 013 $a154478 040 $aSeMil$bita 245 10$aImp. Caesaris Flavii Claudii Iuliani Epistuale leges poematia fragmenta varia /$ccollegerunt recensuerunt I. Bidez et F. Cumont. 260 $aParis :$bLes Belles Lettres,$c1922. 300 $aXXVI, 328 p. ;$c21cm. 490 0 $aNouvelle collection de textes et documents 700 0 $aIulianus, Flavius Claudius,$d<331-363>.$0(OLS)http://semarc/name/11657 700 1 $aCumont, Franz,$d<1868-1947>.$0(OLS)http://semarc/name/18163 700 1 $aBidez, Joseph,$d<1867-1945>.$0(OLS)http://semarc/name/9176 830 0$aNouvelle collection de textes et documents.$0(OLS)http://semarc/title/12386 850 $aSeMil 852 $aSeMil$W1$xVenegono$y1$m1Z I 150$j127790$B127790$CSeMilBibl$Z2$F138312 $81 900 0 $aGiuliano : l'Apostata. 996 $6245$aImp. Caesaris Flavii Claudii Iuliani Epistuale leges poematia fragmenta varia$9(OLS)http://semarc/title/254140 996 $6260$aParis :$bLes Belles Lettres$9(OLS)http://semarc/publisher/30422 LEADER 01320nam a2200229 i 4500 001 000000193733 003 CaOOAMICUS 005 20170130000000.0 008 170130n it u000 u ita u 013 $a172376 040 $aSeMil$bita 245 10$aPassato e presente della Resistenza :$b50. Anniversario della Resistenza e della Guerra di Liberazione. 260 $aRoma :$bPresidenza del Consiglio dei Ministri, Dipartimento per l'informazione e l'editoria,$c[199-?] 300 $a346 p. ;$c24 cm. 490 0 $aSocietą e istituzioni : collana di approfondimenti, studi, rapporti e documentazioni sull'attualitą politico-istituzionale e sul rapporto tra il governo del paese e lo sviluppo sociale 650 4$aResistenza - Italia.$0(OLS)http://semarc/subject/16845 830 0$aSocietą e istituzioni.$0(OLS)http://semarc/title/19795 850 $aSeMil 852 $aSeMil$W1$xVenegono$y1$m3V IV 212$j144307$B144307$CSeMilBibl$Z2$F216723 $81 961 $aOmaggio: Grampa dott. Cesare 996 $6245$aPassato e presente della Resistenza :$b50. Anniversario della Resistenza e della Guerra di Liberazione$9(OLS)http://semarc/title/409251 996 $6260$aRoma :$bPresidenza del Consiglio dei Ministri, Dipartimento per l'informazione e l'editoria$9(OLS)http://semarc/publisher/34038